Vývoj technológie ťahania

Saved in:
Bibliographic Details
Main Author: Mohammad, Fahad A.H.A., 1983- (Author)
Other Authors: Kostka, Peter, 1944- (Thesis advisor)
Format: Manuscript Book
Language:Slovak
Published: Bratislava : STU v Bratislave SjF, 2011
Subjects:
Online Access:VAIS
Tags: Add Tag
No Tags, Be the first to tag this record!

MARC

LEADER 00000ntm a22000003a 4500
001 stu232692
005 20150617230147.1
008 110803s2011----xo------------------slo-d
040 |a STU  |b slo 
041 0 |a slo 
044 |a xo 
100 1 |a Mohammad, Fahad A.H.A.,  |d 1983-  |4 aut  |u J  |T SjF Strojnícka fakulta  |X 60692  |U J  |Y 20  |7 A000060692 
242 0 0 |a NEW DEVELOPMENTS IN DEEP DRAWING  |y eng 
245 1 |a Vývoj technológie ťahania 
260 |a Bratislava :  |b STU v Bratislave SjF,  |c 2011 
650 7 |a výrobné systémy a manažérstvo kvality  |2 stusub 
650 7 |a sheet metal  |2 estusub 
650 7 |a Production Engineering and Quality Management  |2 estusub 
700 1 |a Kostka, Peter,  |d 1944-  |4 ths  |u J280  |U SjF Ústav technológií a materiálov  |T SjF Katedra materiálov a technológií  |X 2424  |U J280  |Y 52  |7 A000002424 
856 4 |a info a plný text  |u http://is.stuba.sk/zp/portal_zp.pl?podrobnosti=76845  |3 VAIS